Kabale University Library Catalogue

Probability and Stochastic Processes : (Record no. 5846)

MARC details
000 -LEADER
fixed length control field 00713nam a22002177a 4500
003 - CONTROL NUMBER IDENTIFIER
control field OSt
005 - DATE AND TIME OF LATEST TRANSACTION
control field 20251208131734.0
008 - FIXED-LENGTH DATA ELEMENTS--GENERAL INFORMATION
fixed length control field 251208b |||||||| |||| 00| 0 eng d
020 ## - INTERNATIONAL STANDARD BOOK NUMBER
International Standard Book Number 9781394304226
040 ## - CATALOGING SOURCE
Transcribing agency KABLIB
Original cataloging agency KABLIB
Language of cataloging eng
Description conventions rda
082 ## - DEWEY DECIMAL CLASSIFICATION NUMBER
Edition number 23
Classification number 519.2
Item number YAT
100 ## - MAIN ENTRY--PERSONAL NAME
Personal name Yates, Roy D.
9 (RLIN) 14744
245 ## - TITLE STATEMENT
Title Probability and Stochastic Processes :
Remainder of title a friendly Introduction for Electrical and Computer Engineers /
Statement of responsibility, etc. Roy D. Yates, David J. Goodman
250 ## - EDITION STATEMENT
Edition statement 4th ed.
260 ## - PUBLICATION, DISTRIBUTION, ETC.
Place of publication, distribution, etc. Hoboken :
Name of publisher, distributor, etc. Wiley,
Date of publication, distribution, etc. c2025
300 ## - PHYSICAL DESCRIPTION
Extent xvi,560 p. :
Other physical details ill. ;
Dimensions 24 cm.
504 ## - BIBLIOGRAPHY, ETC. NOTE
Bibliography, etc. note Includes references, index.
650 ## - SUBJECT ADDED ENTRY--TOPICAL TERM
Topical term or geographic name entry element Probability - Mathematics
9 (RLIN) 14746
700 ## - ADDED ENTRY--PERSONAL NAME
Personal name Goodman, David J.
9 (RLIN) 14747
942 ## - ADDED ENTRY ELEMENTS (KOHA)
Source of classification or shelving scheme Dewey Decimal Classification
Koha item type Book
Holdings
Withdrawn status Lost status Source of classification or shelving scheme Damaged status Not for loan Home library Current library Date acquired Total Checkouts Full call number Barcode Date last seen Price effective from Koha item type
    Dewey Decimal Classification     Education Library Education Library 08.12.2025   519.2 YAT 14138 08.12.2025 08.12.2025 Book
    Dewey Decimal Classification     Education Library Education Library 08.12.2025   519.2 YAT 14139 08.12.2025 08.12.2025 Book

Kabale University Library | Kabale University P.O Box 317, Kabale, Uganda
Tel : +256754017033, +256774661503 E-mail : library@kab.ac.ug